| 000 | 00848nam a2200157 i 4500 | ||
|---|---|---|---|
| 001 | 24321 | ||
| 003 | ES-MaACL | ||
| 005 | 20230906153028.0 | ||
| 007 | t| | ||
| 008 | 021217s1845 sp ||||1| spa d | ||
| 245 | 0 | 0 |
_aAnales pintorescos de la era revolucionaria desde 1789 hasta nuestros días _bobra adornada con grandes y magníficas láminas grabadas en acero que representan los sucesos más famosos, las batallas más memorables y los hombres más célebres de la Revolución francesa, del Imperio, de la Restauración, y del reinado de Luis Felipe / _ctexto según Bignon, [et al.]. |
| 260 |
_aMadrid : _bLibrería de la Señora V. de Razola, _c1845 ( _eBarcelona : _fImp. de Llorens, Hermanos) |
||
| 300 |
_a357, III p., [68] h. de grab. ; _c32 cm. |
||
| 700 | 1 |
_aBignon, Louis Pierre Edouard _c, Barón. _928841 |
|
| 852 |
_aES-MaACL _jF-3547 |
||
| 999 |
_c24321 _d24321 |
||